Grandes civilizaciones del pasado : Egipto, la gran civilización del Nilo /
Grandes Civilizaciones del Pasado es una serie de cinco volúmenes en que se revisan las principales manifestaciones artísticas y culturales, la cosmovisión, así como la tecnología y la organización social que permitió que ciertas sociedades florecieran e influyeran en el desarrollo del mundo antiguo...
محفوظ في:
| المؤلف الرئيسي: | |
|---|---|
| مؤلفون آخرون: | , , |
| التنسيق: | |
| اللغة: | الإسبانية |
| سلاسل: | (Grandes Civilizaciones del Pasado)
|
| الموضوعات: | |
| الوسوم: |
لا توجد وسوم, كن أول من يضع وسما على هذه التسجيلة!
|
MARC
| LEADER | 00000ngm^a2200000^a^4500 | ||
|---|---|---|---|
| 001 | 000333999 | ||
| 005 | 20250521000000.0 | ||
| 009 | 20260310114147.605 | ||
| 020 | |a 978-84-8369-000-0 | ||
| 037 | |a Acervo ITESO - Biblioteca | ||
| 041 | |a ESP | ||
| 082 | |a 930. |b GRA V. 2 | ||
| 100 | |a Santos, Nieves |e (prod.) | ||
| 240 | 1 | 1 | |a [Grandes civilizaciones del pasado] |
| 245 | 1 | 0 | |a Grandes civilizaciones del pasado : |b Egipto, la gran civilización del Nilo / |c Prod. de N. Santos ; realización de C. Tribaldos. |
| 246 | 2 | |a Título en la cubierta: Grandes civilizaciones | |
| 264 | |a Madrid, España : |b Grupo Cultural, |c copyright fecha no identificada | ||
| 300 | |a 1 DVD sin dato de región |c (10, 9, 16, 9, 5 min.) | ||
| 336 | |a imagen móvil bidimensional |b tdi |2 rdacontenido | ||
| 337 | |a video |b v |2 rdamedio | ||
| 338 | |a videodisco |b vd |2 rdasoporte | ||
| 440 | 1 | |a (Grandes Civilizaciones del Pasado) | |
| 520 | |a Grandes Civilizaciones del Pasado es una serie de cinco volúmenes en que se revisan las principales manifestaciones artísticas y culturales, la cosmovisión, así como la tecnología y la organización social que permitió que ciertas sociedades florecieran e influyeran en el desarrollo del mundo antiguo. Se revisa, asimismo, su legado en la cultura contemporánea. | ||
| 649 | |a XX | ||
| 650 | |a Tumbas - |z Egipto | ||
| 650 | |a Pirámides - |z Egipto | ||
| 650 | |a Arquitectura Funeraria - |z Egipto | ||
| 650 | |a Arquitectura Egipcia - |x Historia y Crítica | ||
| 650 | |a Arte Funerario - |z Egipto | ||
| 650 | |a Arte Egipcio - |x Historia y Crítica | ||
| 650 | |a Vida Cotidiana - |z Egipto - |x Historia Antigua | ||
| 650 | |a Vida Cotidiana - |z Egipto | ||
| 650 | |a Egipto - |x Historia Antigua - |x Tema Principal | ||
| 650 | |a Egipto - |x Historia | ||
| 650 | |a Egipto - |x Descripción | ||
| 650 | |a Historia Antigua - |x Tema Principal | ||
| 740 | 0 | |a Grandes civilizaciones del pasado : |b Egipto, la gran civilización del Nilo : orígenes / |c Prod. de N. Santos ; realización de C. Tribaldos. | |
| 740 | 0 | |a Grandes civilizaciones del pasado : |b Egipto, la gran civilización del Nilo : vida cotidiana / |c Prod. de N. Santos ; realización de C. Tribaldos. | |
| 740 | 0 | |a Grandes civilizaciones del pasado : |b Egipto, la gran civilización del Nilo : pirámides / |c Prod. de N. Santos ; realización de C. Tribaldos. | |
| 740 | 0 | |a Grandes civilizaciones del pasado : |b Egipto, la gran civilización del Nilo : tumbas / |c Prod. de N. Santos ; realización de C. Tribaldos. | |
| 740 | 0 | |a Grandes civilizaciones del pasado : |b Egipto, la gran civilización del Nilo : Egipto, hoy / |c Prod. de N. Santos ; realización de C. Tribaldos. | |
| 700 | |a Tribaldos, Clemente |e (realización) | ||
| 700 | |a José L. Martínez Díaz, José L. |e (montaje) | ||
| 700 | |a Juanes, José Angel |e (conducción) | ||
| 910 | |a Fondo General | ||
| 920 | |a Audiovisuales - DVDs | ||
| 905 | |a 302 | ||
| 901 | |a 0500227107 |b IT2 |c DVS |i C137828 |u 20250521 | ||
| 902 | |a https://opac.biblio.iteso.mx/vufind/Record/000333999 | ||